书目信息 |
| 题名: |
酶工程技术及应用探析
|
|
| 作者: | 姜华 著 | |
| 分册: | ||
| 出版信息: | 北京 中国水利水电出版社 2015.5 |
|
| 页数: | 306页 | |
| 开本: | 24cm | |
| 丛书名: | ||
| 单 册: | ||
| 中图分类: | Q814 | |
| 科图分类: | ||
| 主题词: | 酶工程 | |
| 电子资源: | ||
| ISBN: | 978-7-5170-2564-1 | |
| 000 | 00966nam0 2200241 450 | |
| 001 | 0400009455 | |
| 005 | 20171121081529.0 | |
| 010 | @a978-7-5170-2564-1@dCNY59.00 | |
| 100 | @a20151101d2015 em y0chiy50 ea | |
| 101 | 0 | @achi |
| 102 | @aCN@b110000 | |
| 105 | @ay z 000yy | |
| 106 | @ar | |
| 200 | 1 | @a酶工程技术及应用探析@Amei gong cheng ji shu ji ying yong tan xi@f姜华著 |
| 210 | @a北京@c中国水利水电出版社@d2015.5 | |
| 215 | @a306页@d24cm | |
| 320 | @a有书目(第306页) | |
| 330 | @a本书主要内容包括:绪论,酶的生物合成法,酶的分离和纯化方法,酶的定点突变,酶分子的定向进化,酶的化学修饰,有机介质中水和有机溶剂对酶催化反应的影响,有机介质中酶催化反应的类型条件及其控制,酶非水相催化的应用,酶反应器的类型与特点,酶反应器的选择与设计,酶反应器的操作分析,酶反应器的发展,酶的应用探析和酶的安全性及管理。 | |
| 606 | 0 | @a酶工程 |
| 690 | @aQ814@v5 | |
| 701 | 0 | @a姜华@Ajiang hua@4著 |
| 801 | 0 | @aCN@b上海新华@c20171121 |
| 905 | @b1028961-5@dQ814@e222@f5 | |
| 酶工程技术及应用探析/姜华著.-北京:中国水利水电出版社,2015.5 |
| 306页;24cm |
| ISBN 978-7-5170-2564-1:CNY59.00 |
| 本书主要内容包括:绪论,酶的生物合成法,酶的分离和纯化方法,酶的定点突变,酶分子的定向进化,酶的化学修饰,有机介质中水和有机溶剂对酶催化反应的影响,有机介质中酶催化反应的类型条件及其控制,酶非水相催化的应用,酶反应器的类型与特点,酶反应器的选择与设计,酶反应器的操作分析,酶反应器的发展,酶的应用探析和酶的安全性及管理。 |
| ● |
| 相关链接 |
|
|
|
|
正题名:酶工程技术及应用探析
索取号:Q814/222
 
预约/预借
| 序号 | 登录号 | 条形码 | 馆藏地/架位号 | 状态 | 备注 |
| 1 | 1028961 | 210289613 | 第二样本阅览室/ [索取号:Q814/222] | 在馆 | |
| 2 | 1028962 | 210289622 | 第三借阅区/ [索取号:Q814/222] | 在馆 | |
| 3 | 1028963 | 210289631 | 密集书库-生命科学系/ [索取号:Q814/222] | 在馆 | |
| 4 | 1028964 | 210289640 | 第三借阅区/ [索取号:Q814/222] | 在馆 | |
| 5 | 1028965 | 210289659 | 第三借阅区/ [索取号:Q814/222] | 在馆 |